000 01288nas a2200349 i 4500
001 2601
003 ES-MaACL
005 20250724062606.0
007 t|
008 950801d18511895fr a| | ||re d
022 _a2020-6518
080 _a008
080 _a(059)(44)
245 0 0 _aAlmanach du Magasin pittoresque
260 _aParis :
_bTyp. de J. Best,
_c[1851-1895]
300 _av :
_bilustraciones ;
_c22 cm.
310 _aAnual
362 1 _aComenzó en 1851
362 1 _aCesó en 1872?
500 _aA partir de 1881 lo edita Typographie du Magasin pittoresque.
530 _aDisponible en formato digital vol. de 1855 a 1870
650 7 _aCultura
_2embne
_9170963
655 0 _aAlmanaques
_9241262
852 4 _aES-MaACL
_cDEPOF
_jFol-Laf-437
_p(Año 1868)
852 _aES-MaACL
_cDEPOF
_hDonativo Haes
_jT-214-F-1-3
_p(Año 1861, 1865, 1866)
_xEn lomo: Haes
852 _aES-MaACL
_cDEPOF
_jFol-Laf-322-30
_p(Años 1858, 1871, 1873-75, 1879-83)
856 _uhttps://gallica.bnf.fr/ark:/12148/cb32688743g/date
_yVersión en línea: 1855-70
_z(Gallica. Bibliothèque nationale de France)
866 0 _o1858,1861,1865-66,1868,1871,1873-75,1879-83.
942 _2udc
_cPERIODICA
_n0
999 _c2601
_d2601